A Mária Út Egyesület gazdálkodási és fenntarthatósági modelljének vizsgálata.
| Szerző: | |
|---|---|
| További közreműködők: | |
| Dokumentumtípus: | TDK dolgozat |
| Kulcsszavak: | mária út önkéntes munka társadalmi tőke vallásturizmus zarándoklat |
| Online Access: | http://dolgozattar.uni-bge.hu/60505 |
MARC
| LEADER | 00000nta a2200000 i 4500 | ||
|---|---|---|---|
| 001 | dolg60505 | ||
| 005 | 20260416073822.0 | ||
| 008 | 260416suuuu hu o 000 hun d | ||
| 040 | |a BGE Dolgozattár Repozitórium |b hun | ||
| 041 | |a hu | ||
| 100 | 1 | |a Schenk Benjámin Bendegúz | |
| 245 | 1 | 2 | |a A Mária Út Egyesület gazdálkodási és fenntarthatósági modelljének vizsgálata. |c Schenk Benjámin Bendegúz |h [elektronikus dokumentum] |
| 516 | |a Students_Scientific_Association_paper | ||
| 520 | 3 | |a A vallásturizmus napjainkban a turizmus egyik leggyorsabban fejlődő ágazata, amely Magyarországon is egyre jelentősebb társadalmi és gazdasági szerepet tölt be. Mária Út Egyesületet mutatja be a dolgozat, amely mintegy 2000 kilométeres zarándokút-hálózatot működtet száz önkormányzat együttműködésével és önkéntes munka révén. Az Egyesület évente több száz zarándok és közösségi eseményt szervez, amelyek elősegítik a közösségi identitás erősödését és a vallásturizmus társadalmi beágyazottságát. A szervezet tevékenysége jól példázza, miként válhat a vallásturizmus a civil együttműködés és a fenntartható fejlődés egyik motorjává. Kutatásom célja a Mária Út szervezeti és gazdálkodási működésének feltárása, különös tekintettel az önkéntes hálózat gazdasági és társadalmi hatásaira, illetve a tevékenységből fakadó társadalmi tőke elemzésére. A szakirodalmi háttér a vallásturizmus fejlődését, a zarándoklatok kulturális-spirituális megújulását és a hazai vallásturisztikai trendeket tekinti át. Kvalitatív módszerekkel, dokumentumelemzéssel és esettanulmány alapú megközelítéssel vizsgálja a civil szervezet működését, gazdálkodási struktúráját és fenntarthatóságát. Eredményként a kutatás azt kívánja feltárni, melyek a Mária Út hálózati működésének kulcstényezői, valamint hogyan hat az önkéntesség a gazdasági és társadalmi eredményességre. Emellett az elemzés rávilágít azokra a tényezőkre is, amelyek meghatározzák a vallásturizmusban működő civil szervezetek hosszú távú fenntarthatóságát. A kutatás hozzájárul a vallásturizmus, a civil gazdálkodás és a társadalmi tőke kapcsolatának mélyebb megértéséhez. Kulcsszavak: vallásturizmus, Mária Út, civil szervezet, önkéntesség, társadalmi tőke | |
| 695 | |a mária út | ||
| 695 | |a önkéntes munka | ||
| 695 | |a társadalmi tőke | ||
| 695 | |a vallásturizmus | ||
| 695 | |a zarándoklat | ||
| 700 | 1 | |a Hegedűs Dr. Szilárd |e ths | |
| 856 | 4 | 0 | |u http://dolgozattar.uni-bge.hu/60505/1/Schenk%20Benjamin%20Bendeguz%20wy8s4z%20TDK.pdf |z Dokumentum-elérés |
| 856 | 4 | 0 | |u http://dolgozattar.uni-bge.hu/60505/2/M%C3%A1ria%20%C3%BAt%20%C3%B6nk%C3%A9ntesek%20k%C3%B6lts%C3%A9g%20t%C3%A1bl%C3%A1zat.pdf |z Dokumentum-elérés |
| 856 | 4 | 0 | |u http://dolgozattar.uni-bge.hu/60505/3/Schenk_Benjamin_Bendeguz.pdf |z Dokumentum-elérés |
| 856 | 4 | 0 | |u http://dolgozattar.uni-bge.hu/60505/4/05_Dolgozat_biralati_lap_2025_HU%20Schenk%20Benj%C3%A1min%20Bendeg%C3%BAz.pdf |z Dokumentum-elérés |